Taylor Swift mystery lyrics #48 - Statistics

General Stats
  • This quiz has been taken 68 times
    59 since last reset
  • The average score is 137 of 206
Answer Stats
Answer % Correct
I
98%
you
95%
You
95%
a
93%
me
91%
the
91%
be
89%
your
89%
and
86%
And
86%
to
86%
We
86%
we
86%
when
86%
is
84%
love
84%
of
84%
do
82%
But
80%
but
80%
if
80%
in
80%
see
77%
are
75%
like
75%
Like
75%
no
75%
we're
75%
what
75%
could
70%
don't
70%
how
70%
That
70%
that
70%
She
68%
she
68%
way
68%
can't
66%
just
66%
all
64%
by
64%
eyes
64%
know
64%
Oh
64%
oh
64%
up
64%
never
61%
her
59%
want
57%
smile
55%
even
52%
everything
52%
light
52%
knew
50%
She's
50%
think
50%
only
48%
about
45%
invisible
45%
make
45%
yeah
45%
gonna
43%
right
43%
Baby
41%
beautiful
41%
through
41%
wanna
41%
Instead
36%
let
34%
She'll
32%
show
32%
unbelievable
32%
walks
30%
There's
27%
shine
25%
wanting
25%
matter
23%
miracle
23%
notice
23%
open
23%
realize
20%
stare
20%
help
18%
stop
18%
whenever
18%
faded
16%
shadows
14%
fire
9%
inside
9%
No matching quizzes found
Score Distribution
Percent of People with Each Score
Percentile by Number Answered
Your Score History
You have not taken this quiz since the last reset